The geologic history of seawater oxygen isotopes from marine iron oxides; Science; Vol. 365, iss. 6452

Dettagli Bibliografici
Parent link:Science
Vol. 365, iss. 6452.— 2019.— [P. 469-473]
Ente Autore: Национальный исследовательский Томский политехнический университет Инженерная школа природных ресурсов Отделение геологии
Altri autori: Galili N. Nir, Shemesh A. Aldo, Yam R. Ruth, Brailovsky I. Irena, Sela-Adler M. Michal, Rudmin M. A. Maksim Andreevich
Riassunto:Title screen
The oxygen isotope composition (δ18O) of marine sedimentary rocks has increased by 10 to 15 per mil since Archean time. Interpretation of this trend is hindered by the dual control of temperature and fluid δ18O on the rocks' isotopic composition. A new δ18O record in marine iron oxides covering the past ~2000 million years shows a similar secular rise. Iron oxide precipitation experiments reveal a weakly temperature-dependent iron oxide-water oxygen isotope fractionation, suggesting that increasing seawater δ18O over time was the primary cause of the long-term rise in δ18O values of marine precipitates. The 18O enrichment may have been driven by an increase in terrestrial sediment cover, a change in the proportion of high- and low-temperature crustal alteration, or a combination of these and other factors.
Lingua:inglese
Pubblicazione: 2019
Soggetti:
Accesso online:https://doi.org/10.1126/science.aaw9247
Natura: MixedMaterials Elettronico Capitolo di libro
KOHA link:https://koha.lib.tpu.ru/cgi-bin/koha/opac-detail.pl?biblionumber=661361

MARC

LEADER 00000naa0a2200000 4500
001 661361
005 20250415134903.0
035 |a (RuTPU)RU\TPU\network\31704 
035 |a RU\TPU\network\30902 
090 |a 661361 
100 |a 20191203d2019 k||y0rusy50 ba 
101 0 |a eng 
135 |a drcn ---uucaa 
181 0 |a i  
182 0 |a b 
200 1 |a The geologic history of seawater oxygen isotopes from marine iron oxides  |f N. Galili [et al.] 
203 |a Text  |c electronic 
300 |a Title screen 
320 |a [References: 70 tit.] 
330 |a The oxygen isotope composition (δ18O) of marine sedimentary rocks has increased by 10 to 15 per mil since Archean time. Interpretation of this trend is hindered by the dual control of temperature and fluid δ18O on the rocks' isotopic composition. A new δ18O record in marine iron oxides covering the past ~2000 million years shows a similar secular rise. Iron oxide precipitation experiments reveal a weakly temperature-dependent iron oxide-water oxygen isotope fractionation, suggesting that increasing seawater δ18O over time was the primary cause of the long-term rise in δ18O values of marine precipitates. The 18O enrichment may have been driven by an increase in terrestrial sediment cover, a change in the proportion of high- and low-temperature crustal alteration, or a combination of these and other factors. 
461 |t Science 
463 |t Vol. 365, iss. 6452  |v [P. 469-473]  |d 2019 
610 1 |a электронный ресурс 
610 1 |a труды учёных ТПУ 
610 1 |a изотопы 
610 1 |a кислород 
610 1 |a морские воды 
610 1 |a оксид железа 
701 1 |a Galili  |b N.  |g Nir 
701 1 |a Shemesh  |b A.  |g Aldo 
701 1 |a Yam  |b R.  |g Ruth 
701 1 |a Brailovsky  |b I.  |g Irena 
701 1 |a Sela-Adler  |b M.  |g Michal 
701 1 |a Rudmin  |b M. A.  |c geologist  |c Associate Professor of Tomsk Polytechnic University, Candidate of Geological and Mineralogical Sciences  |f 1989-  |g Maksim Andreevich  |3 (RuTPU)RU\TPU\pers\33254  |9 16999 
712 0 2 |a Национальный исследовательский Томский политехнический университет  |b Инженерная школа природных ресурсов  |b Отделение геологии  |3 (RuTPU)RU\TPU\col\23542 
801 2 |a RU  |b 63413507  |c 20191203  |g RCR 
850 |a 63413507 
856 4 |u https://doi.org/10.1126/science.aaw9247 
942 |c CF